|
|
|
|
| LEADER |
00000cam a2200000 7i4500 |
| 001 |
0000001269 |
| 005 |
20151222.0 |
| 008 |
070703 |
| 020 |
|
|
|a 9832562333(set)
|
| 020 |
|
|
|a 9832562384
|
| 090 |
0 |
0 |
|a JF
|b SC MAL (1452)
|
| 100 |
0 |
|
|a Suraya Hussin
|
| 245 |
1 |
0 |
|a Terangnya cahaya
|c Suraya Hussin
|
| 260 |
|
|
|a Johor :
|b City Megazone ,
|c 2006
|
| 440 |
|
|
|a Siri Jeni dan Tomi Menti
|
| 500 |
|
|
|a Children ages 7-9 years old (orange)
|
| 650 |
|
0 |
|a Judul
|
| 650 |
|
0 |
|a Science fiction, Malay
|
| 650 |
|
0 |
|a Siri
|
| 999 |
|
|
|a 0000956730
|b Book
|c Children Collection
|e Perbadanan Perpustakaan Awam Johor
|
| 999 |
|
|
|a 0000956731
|b Book
|c Children Collection
|e Perbadanan Perpustakaan Awam Johor
|
| 999 |
|
|
|a 0000956732
|b Book
|c Children Collection
|e Perbadanan Perpustakaan Awam Johor
|
| 999 |
|
|
|a 0000956733
|b Book
|c Children Collection
|e Perbadanan Perpustakaan Awam Johor
|
| 999 |
|
|
|a 0000956734
|b Book
|c Children Collection
|e Perbadanan Perpustakaan Awam Johor
|
| 999 |
|
|
|a 0000981181
|b Book
|c Children Collection
|e Cawangan Bukit Gambir
|
| 999 |
|
|
|a 0000981182
|b Book
|c Children Collection
|e Cawangan Tangkak
|
| 999 |
|
|
|a 0000981184
|b Book
|c Children Collection
|e Cawangan Mersing
|
| 999 |
|
|
|a 0001085984
|b Book
|c Children Collection
|e Cawangan Bukit Gambir
|
| 999 |
|
|
|a 0001085987
|b Book
|c Children Collection
|e Cawangan Taman Universiti
|
| 999 |
|
|
|a 0001086001
|b Book
|c Children Collection
|e Cawangan Mersing
|
| 999 |
|
|
|a 0001086002
|b Book
|c Children Collection
|e Cawangan Pontian
|
| 999 |
|
|
|a 0001086003
|b Book
|c Children Collection
|e Cawangan Kota Tinggi
|
| 999 |
|
|
|a 0001086004
|b Book
|c Children Collection
|e Cawangan Bandar Penawar
|
| 999 |
|
|
|a 0001086005
|b Book
|c Children Collection
|e Cawangan Bandar Penawar
|
| 999 |
|
|
|a 0001086006
|b Book
|c Children Collection
|e Cawangan Kota Tinggi
|
| 999 |
|
|
|a 0001086007
|b Book
|c Children Collection
|e Cawangan Pontian
|
| 999 |
|
|
|a 0001086008
|b Book
|c Children Collection
|e Cawangan Mersing
|
| 999 |
|
|
|a 0001086012
|b Book
|c Children Collection
|e Cawangan Taman Universiti
|
| 999 |
|
|
|a 0001086014
|b Book
|c Children Collection
|e Cawangan Tangkak
|
| 999 |
|
|
|a 0001086015
|b Book
|c Children Collection
|e Cawangan Bukit Gambir
|
| 999 |
|
|
|a 0001086017
|b Book
|c Children Collection
|e Cawangan Taman Sri Lambak
|
| 999 |
|
|
|a 0001086018
|b Book
|c Children Collection
|e Cawangan Taman Sri Lambak
|
| 999 |
|
|
|a 0001086020
|b Book
|c Children Collection
|e Cawangan Bukit Gambir
|
| 999 |
|
|
|a 0001086023
|b Book
|c Children Collection
|e Cawangan Taman Universiti
|
| 999 |
|
|
|a 0001086027
|b Book
|c Children Collection
|e Cawangan Mersing
|
| 999 |
|
|
|a 0001086028
|b Book
|c Children Collection
|e Cawangan Pontian
|
| 999 |
|
|
|a 0001086029
|b Book
|c Children Collection
|e Cawangan Bandar Penawar
|
| 999 |
|
|
|a 0001146302
|b Book
|c Children Collection
|e Cawangan Tangkak
|
| 999 |
|
|
|a 0001146772
|b Book
|c Children Collection
|e Cawangan Taman Universiti
|
| 999 |
|
|
|a 0001146773
|b Book
|c Children Collection
|e Cawangan Segamat
|
| 999 |
|
|
|a 0001146774
|b Book
|c Children Collection
|e Cawangan Pontian
|
| 999 |
|
|
|a 0001146775
|b Book
|c Children Collection
|e Cawangan Mersing
|
| 999 |
|
|
|a 0001146776
|b Book
|c Children Collection
|e Cawangan Tmn. Ungku Tun Aminah
|
| 999 |
|
|
|a 0001146777
|b Book
|c Children Collection
|e Cawangan Bandar Penawar
|
| 999 |
|
|
|a 0001146778
|b Book
|c Children Collection
|e Cawangan Bukit Gambir
|